00580 a2200169 4500003000500000005001700005040000900022082001000031100003100041245004300072260003200115300001500147505019300162538002900355650001400384651001200398Nust20170207153210.0 cNust a005.1 aKeerio, Hayat (MSCS-10) aMultilingual messengercHayat Keerio  aRawalpindibMCS, NUSTc2005 ax, 70, p.; aIntroduction (page-1)Urdu and sindhi text editor (page-11) Socket programming in visual basic (page-21) Implementation the software system (page-30) Conclusion and recomendations (page-49) aAlmirah No 73 Shelf No 1 aPG Thesis aMSCS-10